Central Library OPAC University of Rajshahi

The French; portrait of a people (Record no. 26052)

MARC details
000 -LEADER
fixed length control field 00758cam a2200277 4500
001 - CONTROL NUMBER
control field 26052
003 - CONTROL NUMBER IDENTIFIER
rucl marc code BD-RjUL
005 - DATE AND TIME OF LATEST TRANSACTION
control field 20211209050950.0
008 - FIXED-LENGTH DATA ELEMENTS--GENERAL INFORMATION
fixed length control field 140320s1969 enk 001 0 eng
020 ## - INTERNATIONAL STANDARD BOOK NUMBER
International Standard Book Number 0340128321
035 ## - SYSTEM CONTROL NUMBER
System control number (BD-RjUL)26122
040 ## - CATALOGING SOURCE
Original cataloging agency DLC
Transcribing agency DLC
Modifying agency DLC
-- BD-RjUL
Language of cataloging eng
041 ## - LANGUAGE CODE
Language code of text/sound track or separate title eng
082 00 - DEWEY DECIMAL CLASSIFICATION NUMBER
Classification number 944.08
Author mark and year GRF 1970
100 1# - MAIN ENTRY--PERSONAL NAME
Personal name Gramont, Sanche De.
Dates associated with a name 1932-
9 (RLIN) 80041
245 14 - TITLE STATEMENT
Title The French; portrait of a people
Statement of responsibility, etc. [by] Sanche de Gramont.
250 ## - EDITION STATEMENT
Edition statement revised ed.
260 ## - PUBLICATION, DISTRIBUTION, ETC. (IMPRINT)
Place of publication, distribution, etc. London :
Name of publisher, distributor, etc. Hodder,
Date of publication, distribution, etc. c1969 [1970].
300 ## - PHYSICAL DESCRIPTION
Pagination 479 p. ;
Size 23 cm.
350 ## - PRICE (NR) (BK AM CF MU VM SE) [OBSOLETE]
Price 7.95
504 ## - BIBLIOGRAPHY, ETC. NOTE
Bibliography, etc Includes index.
651 #0 - SUBJECT ADDED ENTRY--GEOGRAPHIC NAME
Geographic name France
General subdivision Civilization
Chronological subdivision 20th century.
9 (RLIN) 64380
942 ## - ADDED ENTRY ELEMENTS (KOHA)
Source of classification or shelving scheme Dewey Decimal Classification
Koha item type Books
Holdings
Lost status Source of classification or shelving scheme Damaged status Not for loan Collection code Permanent Location Current Location Shelving location Date acquired Source of acquisition Cost, normal purchase price Total Checkouts Full call number Date last seen Copy number Koha item type
  Dewey Decimal Classification   Added to bundle Non-fiction Central Library, University of Rajshahi Central Library, University of Rajshahi Reading Room 25/07/1972 Book Centre 60.00   944.08 GRF 1970 20/03/2014 C-1 Books